Kiswahili vocabulary #1 - Statistiques

Statistiques générales
  • Ce quiz a été pris 14 fois
  • Le résultat moyen est 12 sur 20
Statistiques - réponses
Anglais Kiswahili % Correct
Kenyan Mkenya
100%
Tanzanian Mtanzania
100%
Child Mtoto
100%
Children Watoto
100%
And, with Na
80%
Who, what Nani
80%
Kenyans Wakenya
80%
Tanzanians Watanzania
80%
A person Mtu
60%
Thief Mwizi
60%
Am/are/is Ni
60%
Am/are/is not Si
60%
People Watu
60%
Bicycle(s) Baisikeli
40%
Camera Kamera
40%
Thieves Wezi
40%
Glasses Miwani
20%
Wow ! E bwana wee !
0%
Hat(s) Kofia
0%
In the past Zamani
0%
Aucun quiz correspondant
Distribution des résultats
% des personnes avec chaque résultat
Percentile par nombre de réponses
Votre historique - résultats
Vous n’avez pas pris ce quiz